| 000 | 01676cam a2200457 i 4500 | ||
|---|---|---|---|
| 001 | 19053554 | ||
| 003 | OSt | ||
| 005 | 20231204121448.0 | ||
| 008 | 160201t20162016ii b 001 0 eng d | ||
| 010 | _a 2015515926 | ||
| 020 | _a9788178244662 (hardback) | ||
| 020 | _a8178244667 (hardback) | ||
| 025 | _aI-E-2015-515926 ; 60-91 | ||
| 035 | _a(OCoLC)ocn936380267 | ||
| 035 | _a(OCoLC)936380267 | ||
| 037 | _bLibrary of Congress -- New Delhi Overseas Office | ||
| 040 |
_aDKAGE _beng _erda _cDKAGE _dOCLCO _dOCLCF _dOCLCO _dDLC |
||
| 042 |
_alccopycat _alcode |
||
| 043 | _aa-ii--- | ||
| 050 | 0 | 0 |
_aDS461.3 _b.K48 2016 |
| 082 | 0 | 4 |
_a954.025 _bKHA/I |
| 100 | 1 |
_aKhan, Iqtidar Alam _eauthor. _99990 |
|
| 245 | 1 | 0 |
_aIndia's polity in the age of Akbar / _cIqtidar Alam Khan. |
| 264 | 1 |
_aRanikhet : _bPermanent Black in association with Ashoka University, _c[2016] |
|
| 264 | 2 |
_aBangalore : _bDistributed by Orient BlackSwan Private Ltd |
|
| 264 | 4 | _c©2016 | |
| 300 |
_ax, 219 pages ; _c23 cm. |
||
| 336 |
_atext _btxt _2rdacontent |
||
| 337 |
_aunmediated _bn _2rdamedia |
||
| 338 |
_avolume _bnc _2rdacarrier |
||
| 490 | 1 | _aHedgehog and fox ; Ashoka University history series | |
| 504 | _aIncludes bibliographical references (pages 194-207) and index. | ||
| 600 | 0 | 0 |
_aAkbar, _cEmperor of Hindustan, _d1542-1605. |
| 651 | 0 |
_aMogul Empire _xPolitics and government. |
|
| 651 | 0 |
_aIndia _xHistory _y1526-1765. |
|
| 710 | 2 |
_aAshoka University, _eissuing body. |
|
| 830 | 0 | _aHedgehog and fox | |
| 906 |
_a7 _bcbc _ccopycat _d3 _encip _f20 _gy-gencatlg |
||
| 942 |
_2ddc _cBK _h954.025 _iKHA/I _k954.025 _mKHA/I |
||
| 999 |
_c43875 _d43875 |
||